Peso Pluma - SANTAL 33 - Statistics

General Stats
  • This quiz has been taken 18 times
  • The average score is 15 of 37
Answer Stats
Lyric Answer % Correct
Y como … a mis 23 Mbappé
80%
Los … me los puse ahora Travis
80%
… festejé con las copas También
67%
Tengo el récord de pecar siempre ... contigo
60%
Bonjour mademoiselle, j'suis … équipé
60%
Santal 33, … Cayenne Porschetta
60%
Y sabes … que no somos amigos bien
53%
… aquí porque los dos quisimos Estamos
53%
Dame más de esa … que siempre me hace vibrar locura
53%
Compláceme esta … noche
53%
Santal 33, Porschetta …. Cayenne
47%
Y su ... Óscar Maydon compa
47%
Los Travis me los … ahora puse
47%
…, pero se me aloca Seria
47%
Nunca se llena, ella … me pide más, más y más siempre
47%
En el jet privé, … Rosé champaña
40%
… más de esa locura que siempre me hace vibrar Dame
40%
Me llegan las … flores
40%
Bonjour …, j'suis équipé mademoiselle
40%
Seria, … se me aloca pero
40%
Los contenedores llenos de … sabores
40%
En la cama despiertas mi instinto … animal
33%
En la cama … mi instinto animal despiertas
33%
Y también me llegan ... de amores recuerdos
33%
... Rompecorazones
33%
Mis lujos a ella no le … asombran
27%
Lo noto en tu cara, …, bebé tranquila
27%
Que cuando ando contigo no me gusta … usarlas
27%
Te … mis armas asustan
20%
Nunca se llena, ella siempre me … más, más y más pide
20%
Estamos aquí porque los dos … quisimos
20%
Tengo el … de pecar siempre contigo récord
20%
… te matas Solito
20%
Y sabes bien que no … amigos somos
20%
En la casa ... más, compa Peso tenemos
20%
..., pura Doble P, a la verga, pa que sepan Viejo
13%
… esta noche Sedúceme
7%
No matching quizzes found
Score Distribution
Percent of People with Each Score
Percentile by Number Answered
Your Score History
You have not taken this quiz